[Event "1. ODEM U25 2004"]
[Site "Willingen GER"]
[Date "2004.06.05"]
[Round "9"]
[White "Kalla, Christian"]
[Black "Kühner, Christian"]
[Result "1-0"]
[Termination "normal"]
[Board "5"]
[WhiteElo "1910"]
[BlackElo "2169"]
[PlyCount "63"]
[WhiteFideId "24605760"]
[BlackFideId "4679440"]
[EventCountry "GER"]
[EventRounds "9"]
[EventType "swiss"]
[EventDate "2004.05.29"]

1. e4 c5 2. c3 Nf6 3. e5 Nd5 4. d4 cxd4 5. Nf3 Nc6 6. Bc4 Nb6 7. Bb3 d6 8. exd6
Qxd6 9. Na3 a6 10. cxd4 Be6 11. O-O Bd5 12. Be3 e6 13. Ne5 Be7 14. Nac4 Nxc4
15. Bxc4 Nxe5 16. dxe5 Qxe5 17. Bd4 Qg5 18. Bxd5 exd5 19. Re1 O-O 20. f4 Qxf4
21. Rxe7 Rfe8 22. Rxb7 Re4 23. Bf2 Rae8 24. Qf3 Qxf3 25. gxf3 Re2 26. Kf1 Rd2
27. Re1 Rc8 28. Rbe7 h6 29. Re8+ Rxe8 30. Rxe8+ Kh7 31. Re2 Rd1+ 32. Be1 1-0

[Event "1. ODEM U25 2004"]
[Site "Willingen GER"]
[Date "2004.06.05"]
[Round "9"]
[White "Poysti, Nathanael"]
[Black "Nazarenus, Moritz"]
[Result "0-1"]
[Termination "normal"]
[Board "6"]
[WhiteElo "1910"]
[BlackElo "2143"]
[PlyCount "38"]
[BlackFideId "4670540"]
[EventCountry "GER"]
[EventRounds "9"]
[EventType "swiss"]
[EventDate "2004.05.29"]

1. d4 d5 2. Nf3 c6 3. e3 Bg4 4. c4 e6 5. Nc3 Nd7 6. cxd5 exd5 7. Bd3 Ngf6 8. h3
Bh5 9. Qc2 Bd6 10. Bd2 Bg6 11. g4 Qe7 12. Nh4 Bxd3 13. Qxd3 g6 14. O-O-O Ne4
15. Nxe4 dxe4 16. Qb3 Qxh4 17. Qxb7 Qd8 18. Bc3 Qc8 19. Qb3 O-O 0-1

[Event "1. ODEM U25 2004"]
[Site "Willingen GER"]
[Date "2004.06.05"]
[Round "9"]
[White "Siebarth, Marco"]
[Black "Kuhn, Ulf"]
[Result "1-0"]
[Termination "normal"]
[Board "7"]
[WhiteElo "2027"]
[BlackElo "2013"]
[PlyCount "121"]
[WhiteFideId "24604330"]
[BlackFideId "4693604"]
[EventCountry "GER"]
[EventRounds "9"]
[EventType "swiss"]
[EventDate "2004.05.29"]

1. Nc3 a6 2. e4 b5 3. f4 Bb7 4. d3 e6 5. Nf3 Bc5 6. d4 Ba7 7. Bd3 Nf6 8. a3 c5
9. dxc5 Bxc5 10. Qe2 Ng4 11. Rf1 Nf6 12. e5 Nd5 13. Ne4 Be7 14. Nfg5 Nc6 15.
Qh5 g6 16. Qh6 Bf8 17. Nd6+ Bxd6 18. exd6 Qf6 19. Ne4 Qd4 20. Ke2 O-O-O 21. c3
Qb6 22. Ng5 Rdf8 23. Bd2 Na5 24. Qg7 Nb3 25. Rad1 Nxd2 26. Rxd2 f5 27. Qe5 Nf6
28. b4 Bxg2 29. Rf2 Ng4 30. Qc5+ Qxc5 31. bxc5 Nxf2 32. Kxf2 Bd5 33. Nf3 Bxf3
34. Kxf3 Kb7 35. Ke3 h6 36. Kd4 g5 37. c4 bxc4 38. Bxc4 Ka7 39. c6 dxc6 40.
Bxe6 Rb8 41. Kc5 Rb6 42. a4 Kb7 43. fxg5 hxg5 44. d7 Rd8 45. Bxf5 a5 46. Kd6
Rb4 47. Ke7 Kc7 48. Rc2 Rf4 49. Be6 Re4 50. Kf6 g4 51. Bd5 Rxa4 52. Bxc6 Rf4+
53. Ke7 Rff8 54. Bd5+ Kb6 55. Be6 Kb7 56. Bxg4 Rh8 57. h3 Rdg8 58. Be6 Rd8 59.
Rc4 Rdf8 60. h4 Rb8 61. Rc8 1-0

[Event "1. ODEM U25 2004"]
[Site "Willingen GER"]
[Date "2004.06.05"]
[Round "9"]
[White "Rafiee, Makan"]
[Black "Rackisch, Daniel"]
[Result "1/2-1/2"]
[Termination "normal"]
[Board "8"]
[WhiteElo "2028"]
[BlackElo "1859"]
[PlyCount "28"]
[WhiteFideId "24609340"]
[BlackFideId "24609323"]
[EventCountry "GER"]
[EventRounds "9"]
[EventType "swiss"]
[EventDate "2004.05.29"]

1. e4 e6 2. d4 d5 3. Nd2 Nf6 4. e5 Nfd7 5. Bd3 c5 6. c3 Nc6 7. Ne2 Qb6 8. Nf3
cxd4 9. cxd4 f6 10. exf6 Nxf6 11. O-O Bd6 12. Re1 O-O 13. Nc3 a6 14. Bg5 Bd7
1/2-1/2

[Event "1. ODEM U25 2004"]
[Site "Willingen GER"]
[Date "2004.06.05"]
[Round "9"]
[White "Dahmen, Christoph"]
[Black "Heigermoser, Robert"]
[Result "0-1"]
[Termination "normal"]
[Board "9"]
[WhiteElo "2023"]
[BlackElo "1770"]
[PlyCount "118"]
[WhiteFideId "4692160"]
[BlackFideId "24619132"]
[EventCountry "GER"]
[EventRounds "9"]
[EventType "swiss"]
[EventDate "2004.05.29"]

1. d4 Nf6 2. c4 e6 3. Nf3 b6 4. Nc3 Bb7 5. Bg5 Be7 6. e3 Ne4 7. Bxe7 Qxe7 8.
Bd3 f5 9. Qc2 Nxc3 10. bxc3 O-O 11. Nd2 Qh4 12. Nf3 Qe7 13. O-O-O c5 14. Rhg1
Na6 15. Nd2 cxd4 16. exd4 Kh8 17. g4 g6 18. h4 Qxh4 19. f3 Rac8 20. Qa4 Qe7 21.
gxf5 exf5 22. c5 Nxc5 23. dxc5 Qxc5 24. c4 d5 25. Qb3 Ba6 26. Qb2+ Kg8 27. Kb1
dxc4 28. Rc1 Qe3 29. Bc2 Rfd8 30. Qf6 Qd4 31. Rxg6+ hxg6 32. Qxg6+ Qg7 33. Qxf5
Rc5 34. Qe6+ Kf8 35. a4 Qc3 36. Ne4 Qb4+ 37. Ka2 c3 38. Qf6+ Ke8 39. Qe6+ Kf8
40. Qf6+ Ke8 41. Nd6+ Rxd6 42. Re1+ Kd7 43. Qf7+ Kc8 44. Re8+ Rd8 45. Bf5+ Rxf5
46. Qxf5+ Kc7 47. Qe5+ Qd6 48. Qxc3+ Kb7 49. Rxd8 Qxd8 50. f4 Qd5+ 51. Kb2 Qg2+
52. Ka3 Qg6 53. Qf3+ Kb8 54. f5 Qd6+ 55. Kb3 Qd3+ 56. Qxd3 Bxd3 57. f6 Bg6 58.
Kb4 Kb7 59. a5 Kc6 0-1

[Event "1. ODEM U25 2004"]
[Site "Willingen GER"]
[Date "2004.06.05"]
[Round "9"]
[White "Völschow, Toni"]
[Black "Billing, Christian"]
[Result "0-1"]
[Termination "normal"]
[Board "10"]
[WhiteElo "1571"]
[BlackElo "1915"]
[PlyCount "118"]
[WhiteFideId "24622591"]
[BlackFideId "4697294"]
[EventCountry "GER"]
[EventRounds "9"]
[EventType "swiss"]
[EventDate "2004.05.29"]

1. e4 Nc6 2. Nf3 e5 3. Bc4 d6 4. d4 exd4 5. Nxd4 Nf6 6. f3 Ne5 7. Bb3 Nxe4 8.
fxe4 Qh4+ 9. Kf1 Ng4 10. Qf3 Be7 11. Bf4 Bf6 12. c3 O-O 13. Nd2 Bd7 14. Re1 Kh8
15. Qg3 Qh5 16. N2f3 Ne5 17. Ke2 c5 18. Nf5 Bxf5 19. exf5 Qxf5 20. Nxe5 dxe5
21. Be3 Rac8 22. Ref1 Qh5+ 23. Qf3 Qg6 24. Qg3 Qe4 25. Qf3 Qg6 26. Rc1 e4 27.
Qg3 Qh5+ 28. Kf1 Bh4 29. Bd1 Qf5+ 30. Qf4 Qxf4+ 31. Bxf4 Rc6 32. g3 Be7 33. Ke2
g5 34. Be3 f5 35. Rf1 Rh6 36. Rf2 Rg6 37. Bc2 Bd6 38. Rd1 b6 39. Rd5 f4 40.
gxf4 gxf4 41. Bc1 f3+ 42. Kf1 Rfg8 43. Ke1 Rg1+ 44. Rf1 R8g2 45. Rd2 Bxh2 46.
Rxg2 Rxg2 47. Bb3 Kg7 48. Kd1 Kf6 49. Bd5 Ke5 50. Bc6 Bf4 51. Re1 Bxc1 52. Kxc1
Kf4 53. Rxe4+ Kg3 54. Re1 f2 55. Rf1 Rg1 56. Bb5 Kg2 57. Rd1 Rxd1+ 58. Kxd1
f1=Q+ 59. Bxf1+ Kxf1 0-1

[Event "1. ODEM U25 2004"]
[Site "Willingen GER"]
[Date "2004.06.05"]
[Round "9"]
[White "Dorn, Matthias"]
[Black "Zayadeh, Raphael"]
[Result "0-1"]
[Termination "normal"]
[Board "11"]
[WhiteElo "1762"]
[BlackElo "1906"]
[PlyCount "70"]
[WhiteFideId "24600695"]
[EventCountry "GER"]
[EventRounds "9"]
[EventType "swiss"]
[EventDate "2004.05.29"]

1. d4 Nf6 2. c4 e6 3. Nf3 Bb4+ 4. Bd2 Qe7 5. a3 Bxd2+ 6. Qxd2 d6 7. Nc3 e5 8.
dxe5 dxe5 9. e4 O-O 10. O-O-O Nbd7 11. Bd3 c6 12. Bc2 Nb6 13. Qe2 Bg4 14. Bd3
Nh5 15. Qe3 Nf4 16. Bf1 Qf6 17. b3 Qe7 18. Kb2 Nd7 19. h3 Bxf3 20. Qxf3 a5 21.
g3 Ne6 22. h4 Ndc5 23. Ne2 Rfb8 24. Bh3 b5 25. Bxe6 Qxe6 26. Qe3 Qe7 27. cxb5
Rxb5 28. Nc1 Rab8 29. Rd2 Ne6 30. Rhd1 Nd4 31. Rd3 a4 32. b4 c5 33. Na2 cxb4
34. Nxb4 Rxb4+ 35. axb4 Qxb4+ 0-1

[Event "1. ODEM U25 2004"]
[Site "Willingen GER"]
[Date "2004.06.05"]
[Round "9"]
[White "Wild, Markus"]
[Black "Morgenstern, Petra"]
[Result "0-1"]
[Termination "normal"]
[Board "12"]
[WhiteElo "1559"]
[BlackElo "2062"]
[PlyCount "90"]
[BlackFideId "4690710"]
[EventCountry "GER"]
[EventRounds "9"]
[EventType "swiss"]
[EventDate "2004.05.29"]

1. c4 Nf6 2. Nc3 c6 3. Nf3 e6 4. e4 d5 5. e5 Nfd7 6. d4 Be7 7. Be3 O-O 8. c5 b6
9. b4 f6 10. exf6 Bxf6 11. Rc1 bxc5 12. bxc5 e5 13. dxe5 Nxe5 14. Nxe5 Bxe5 15.
Qa4 Qf6 16. Ne2 Ba6 17. Nd4 Bxf1 18. Kxf1 Bf4 19. Nf3 Bxe3 20. fxe3 Nd7 21. Ke2
Qg6 22. g4 Rae8 23. h3 Qe6 24. Qd4 Re7 25. Rhf1 Rfe8 26. Rc3 Qh6 27. Rh1 Re4
28. Qd2 Rxg4 29. hxg4 Qxh1 30. Ne1 Qe4 31. Kd1 Qxg4+ 32. Kc1 Nf6 33. Qh2 Qb4
34. Qb2 Qxb2+ 35. Kxb2 Rb8+ 36. Kc2 Ne4 37. Ra3 Rb7 38. Ra6 Rc7 39. Nd3 h5 40.
Kd1 h4 41. Ke2 g5 42. Kf1 h3 43. Kg1 Rh7 44. Kh2 g4 45. Nf4 g3+ 0-1

[Event "1. ODEM U25 2004"]
[Site "Willingen GER"]
[Date "2004.06.05"]
[Round "9"]
[White "Fuhrmann, Marc Andre"]
[Black "Alic, Miran"]
[Result "1/2-1/2"]
[Termination "normal"]
[Board "13"]
[WhiteElo "2059"]
[BlackElo "2052"]
[PlyCount "97"]
[WhiteFideId "4696980"]
[BlackFideId "24605425"]
[EventCountry "GER"]
[EventRounds "9"]
[EventType "swiss"]
[EventDate "2004.05.29"]

1. d4 c5 2. c3 e6 3. Nf3 b6 4. Bf4 d6 5. Nbd2 Nf6 6. e3 Bb7 7. Be2 Nbd7 8. h3
Be7 9. O-O O-O 10. a4 a6 11. Qb3 Qc7 12. Bh2 Qc6 13. Rfd1 d5 14. Ne5 Nxe5 15.
Bxe5 c4 16. Qc2 b5 17. axb5 axb5 18. b4 Ra6 19. f3 Rfa8 20. Qb2 Nd7 21. Bg3 Nb6
22. e4 Na4 23. Qc2 Qb6 24. Nf1 Qa7 25. Kh2 dxe4 26. fxe4 Bxe4 27. Qxe4 Nxc3 28.
Rxa6 Qxa6 29. Qg4 Nxd1 30. Bxd1 Bxb4 31. Be5 Bf8 32. Ng3 f5 33. Qg5 Qa7 34. Bf3
Rc8 35. d5 h6 36. Qh5 Qe3 37. Ba1 c3 38. dxe6 Qxe6 39. Nxf5 Rc5 40. Bg4 Qf7 41.
Qh4 Rxf5 42. Bxf5 Qxf5 43. Bxc3 Bd6+ 44. Kg1 Bc5+ 45. Kh2 Qd5 46. Qg4 Qd6+ 47.
Kh1 Qf8 48. Qe6+ Kh8 49. Qxh6+ 1/2-1/2

[Event "1. ODEM U25 2004"]
[Site "Willingen GER"]
[Date "2004.06.05"]
[Round "9"]
[White "Fink, Leander"]
[Black "Gahn, Juliane"]
[Result "1-0"]
[Termination "normal"]
[Board "14"]
[WhiteElo "1936"]
[BlackElo "1433"]
[PlyCount "41"]
[WhiteFideId "24605247"]
[EventCountry "GER"]
[EventRounds "9"]
[EventType "swiss"]
[EventDate "2004.05.29"]

1. e4 c5 2. Nf3 e6 3. d4 cxd4 4. Nxd4 a6 5. c4 d6 6. Be3 Nf6 7. f3 Be7 8. Qd2
Nbd7 9. Nc3 Ne5 10. Be2 Bd7 11. O-O Rc8 12. b3 Qa5 13. Rac1 O-O 14. Rfd1 d5 15.
exd5 exd5 16. Nxd5 Qxd2 17. Nxe7+ Kh8 18. Bxd2 Rce8 19. Bg5 Be6 20. Bxf6 gxf6
21. Nef5 1-0

[Event "1. ODEM U25 2004"]
[Site "Willingen GER"]
[Date "2004.06.05"]
[Round "9"]
[White "Falke, Isaak"]
[Black "Rashidian, Sagross"]
[Result "1-0"]
[Termination "normal"]
[Board "15"]
[WhiteElo "1721"]
[BlackElo "1626"]
[PlyCount "83"]
[WhiteFideId "24614483"]
[EventCountry "GER"]
[EventRounds "9"]
[EventType "swiss"]
[EventDate "2004.05.29"]

1. d4 Nf6 2. Nf3 g6 3. Bf4 Bg7 4. Nbd2 O-O 5. e4 d6 6. c3 Nh5 7. Bg5 h6 8. Bh4
c5 9. dxc5 dxc5 10. Bc4 Qc7 11. Qc2 Nc6 12. O-O a6 13. a4 b6 14. Bg3 Nxg3 15.
hxg3 Bb7 16. Nh4 Ne5 17. f4 Nxc4 18. Nxc4 Rad8 19. Rae1 Rd7 20. Qb3 Rd3 21. Kh2
g5 22. Nf5 h5 23. Nxg7 Kxg7 24. e5 gxf4 25. Rxf4 Qc6 26. Re2 b5 27. axb5 axb5
28. Na5 Qg6 29. Ref2 Qxg3+ 30. Kg1 Bd5 31. Qc2 c4 32. Qe2 Kh6 33. Rf5 Qg6 34.
e6 Bxe6 35. Rxb5 Rg8 36. b3 Bg4 37. Qxe7 Rd1+ 38. Kh2 Kh7 39. Rf6 Qb1 40. Rxf7+
Kh6 41. Rb6+ Rg6 42. Rh7# 1-0

[Event "1. ODEM U25 2004"]
[Site "Willingen GER"]
[Date "2004.06.05"]
[Round "9"]
[White "Jehle, Daniel"]
[Black "Demmler, Julia"]
[Result "1/2-1/2"]
[Termination "normal"]
[Board "16"]
[WhiteElo "1526"]
[BlackElo "1296"]
[PlyCount "52"]
[EventCountry "GER"]
[EventRounds "9"]
[EventType "swiss"]
[EventDate "2004.05.29"]

1. d4 d5 2. c4 e6 3. Nc3 Nf6 4. Nf3 Nbd7 5. e3 c6 6. cxd5 exd5 7. Bd3 Bd6 8.
O-O O-O 9. Qc2 Re8 10. Ng5 h6 11. Bh7+ Kf8 12. Nf3 g6 13. Bxg6 fxg6 14. Qxg6
Qe7 15. Qxh6+ Qg7 16. Qxg7+ Kxg7 17. Bd2 Rh8 18. Kh1 Ng4 19. h3 Nb6 20. e4 Be6
21. e5 Be7 22. Nh2 Nxh2 23. Kxh2 Rag8 24. f4 Bf5 25. Rf3 Kf7 26. b3 Ke6 1/2-1/2

[Event "1. ODEM U25 2004"]
[Site "Willingen GER"]
[Date "2004.06.05"]
[Round "9"]
[White "Müer, Sebastian"]
[Black "Swalve, Tilko"]
[Result "0-1"]
[Termination "normal"]
[Board "17"]
[WhiteElo "1465"]
[BlackElo "1282"]
[PlyCount "112"]
[EventCountry "GER"]
[EventRounds "9"]
[EventType "swiss"]
[EventDate "2004.05.29"]

1. e4 c5 2. Nf3 d6 3. d4 cxd4 4. Nxd4 Nf6 5. Nc3 a6 6. Be2 e5 7. Nb3 Be6 8. Bg5
Be7 9. O-O Qc7 10. Qd2 O-O 11. Rad1 Rd8 12. Bxf6 Bxf6 13. Nd5 Bxd5 14. exd5 Nd7
15. c4 Rac8 16. Rc1 Nc5 17. Nxc5 Qxc5 18. b4 Qa7 19. Qe3 Qxe3 20. fxe3 Bg5 21.
Rc3 e4 22. Bg4 Rc7 23. Kf2 b6 24. a4 g6 25. g3 f5 26. Bd1 Kg7 27. Bb3 Be7 28.
Rfc1 Rdc8 29. Ba2 Kf6 30. Rb1 Ke5 31. Ke2 Bf8 32. Kd2 Be7 33. a5 b5 34. Rbc1
bxc4 35. Rxc4 Rxc4 36. Rxc4 Rxc4 37. Bxc4 Bd8 38. Kc3 g5 39. Kd2 Bc7 40. Ke2 h6
41. h3 Bd8 42. h4 Bc7 43. Kf2 gxh4 44. gxh4 Bd8 45. Kg3 Bc7 46. Bxa6 Kxd5 47.
Kf4 Ke6 48. Bc8+ Kf6 49. Bxf5 d5+ 50. Kg4 h5+ 51. Kxh5 Kxf5 52. Kh6 d4 53. exd4
e3 54. d5 e2 55. d6 Bxd6 56. a6 e1=Q 0-1

[Event "1. ODEM U25 2004"]
[Site "Willingen GER"]
[Date "2004.06.05"]
[Round "9"]
[White "Katte, Nicolas"]
[Black "Häcker, Katrin"]
[Result "1-0"]
[Termination "normal"]
[Board "18"]
[WhiteElo "1729"]
[BlackElo "1140"]
[PlyCount "69"]
[WhiteFideId "24614149"]
[BlackFideId "24667986"]
[EventCountry "GER"]
[EventRounds "9"]
[EventType "swiss"]
[EventDate "2004.05.29"]

1. e4 e5 2. Nf3 Nc6 3. d4 exd4 4. Nxd4 Bc5 5. Nb3 Bb6 6. a4 a5 7. Nc3 d6 8. Bb5
Bd7 9. Nd5 Qh4 10. O-O Nf6 11. Nxb6 cxb6 12. f3 Qh5 13. Qxd6 Qe5 14. Qxe5+ Nxe5
15. Bxd7+ Nexd7 16. Be3 O-O 17. Rad1 Rac8 18. c3 Nc5 19. Bxc5 bxc5 20. Nxa5 b6
21. Nc4 Rb8 22. Rd6 b5 23. axb5 Rxb5 24. Rb6 Rxb6 25. Nxb6 Rb8 26. Na4 c4 27.
Rd1 Kf8 28. Rd4 Rc8 29. Nb6 Rc6 30. Nxc4 Ke7 31. Ne5 Re6 32. Nd3 Nd7 33. c4 Ra6
34. Rxd7+ Kxd7 35. Nc5+ 1-0

[Event "1. ODEM U25 2004"]
[Site "Willingen GER"]
[Date "2004.06.05"]
[Round "9"]
[White "Dietzen, Thomas"]
[Black "Völz, Michael"]
[Result "0-1"]
[Termination "normal"]
[Board "19"]
[WhiteElo "1187"]
[BlackElo "1387"]
[PlyCount "64"]
[BlackFideId "24640107"]
[EventCountry "GER"]
[EventRounds "9"]
[EventType "swiss"]
[EventDate "2004.05.29"]

1. d4 d5 2. c4 e6 3. Nf3 Nf6 4. Nc3 Nbd7 5. Bg5 c6 6. e3 Qa5 7. Bd3 dxc4 8.
Bxc4 Ne4 9. Qc2 Nxg5 10. Nxg5 Qxg5 11. O-O Be7 12. Rac1 O-O 13. Rfe1 e5 14.
dxe5 Qxe5 15. Ne2 Nb6 16. Bb3 Bf5 17. Qd1 Rad8 18. Nd4 c5 19. Nf3 Qxb2 20. Qe2
Qxe2 21. Rxe2 Bg4 22. Kh1 Rd7 23. h3 Bxf3 24. gxf3 Rfd8 25. Rg1 c4 26. Bc2 Rd2
27. Rxd2 Rxd2 28. Be4 Rxf2 29. Bxb7 Rxa2 30. Rg4 Rd2 31. Re4 Kf8 32. Ba6 c3 0-1

[Event "1. ODEM U25 2004"]
[Site "Willingen GER"]
[Date "2004.06.05"]
[Round "9"]
[White "Jannes, Alexander"]
[Black "Trippe, Fabian"]
[Result "1-0"]
[Termination "normal"]
[Board "20"]
[WhiteElo "1567"]
[BlackElo "1637"]
[PlyCount "55"]
[WhiteFideId "4647955"]
[EventCountry "GER"]
[EventRounds "9"]
[EventType "swiss"]
[EventDate "2004.05.29"]

1. d4 b6 2. e4 Bb7 3. Nc3 e6 4. a3 Be7 5. Nf3 Nf6 6. e5 Nd5 7. Nxd5 exd5 8. c3
O-O 9. Bd3 d6 10. Qc2 h6 11. Bf4 dxe5 12. Nxe5 Nd7 13. Nxd7 Qxd7 14. O-O-O c5
15. dxc5 bxc5 16. h4 d4 17. Kb1 Bc6 18. Rh3 Bf6 19. Rg3 Ba4 20. b3 Qb7 21. Bc4
dxc3 22. Rd6 Kh8 23. Bxh6 Be5 24. Bxg7+ Bxg7 25. Qf5 Rae8 26. Qh5+ Kg8 27.
Rxg7+ Kxg7 28. Qh6+ 1-0

[Event "1. ODEM U25 2004"]
[Site "Willingen GER"]
[Date "2004.06.05"]
[Round "9"]
[White "Schäfer, Simon"]
[Black "Reinke, Martin"]
[Result "0-1"]
[Termination "normal"]
[Board "22"]
[WhiteElo "1255"]
[BlackElo "1498"]
[PlyCount "82"]
[BlackFideId "4620518"]
[EventCountry "GER"]
[EventRounds "9"]
[EventType "swiss"]
[EventDate "2004.05.29"]

1. d4 d5 2. c4 e6 3. Nc3 Nf6 4. Bg5 Be7 5. Nf3 h6 6. Bh4 O-O 7. e3 b6 8. cxd5
exd5 9. Qc2 Bb7 10. Bd3 Nbd7 11. O-O c5 12. b3 Ne4 13. Bxe7 Qxe7 14. Rac1 Rac8
15. Qb2 cxd4 16. Nxd4 Ne5 17. Bxe4 dxe4 18. Qd2 Qg5 19. Nce2 Rcd8 20. Ng3 h5
21. Qb2 h4 22. Nge2 Nd3 23. Qd2 Nxc1 24. Rxc1 Qe5 25. h3 g5 26. Qe1 Kh7 27. Rd1
Rg8 28. a4 a6 29. Rb1 g4 30. hxg4 Rxg4 31. Nf4 Rxd4 32. exd4 Qxf4 33. Rb2 e3
34. f3 Qxf3 35. Qe2 Qf4 36. Qf1 Qxf1+ 37. Kxf1 Rxd4 38. Re2 Rd1+ 39. Re1 Rxe1+
40. Kxe1 Bxg2 41. Ke2 h3 0-1

[Event "1. ODEM U25 2004"]
[Site "Willingen GER"]
[Date "2004.06.05"]
[Round "9"]
[White "Frey, Steffen"]
[Black "Jorczik, Andreas"]
[Result "0-1"]
[Termination "normal"]
[Board "23"]
[WhiteElo "971"]
[BlackElo "1357"]
[PlyCount "70"]
[BlackFideId "24634921"]
[EventCountry "GER"]
[EventRounds "9"]
[EventType "swiss"]
[EventDate "2004.05.29"]

1. e4 c5 2. Nf3 e6 3. d4 cxd4 4. Nxd4 Nf6 5. Nc3 Nc6 6. Ndb5 d6 7. Bf4 e5 8.
Bg5 a6 9. Na3 b5 10. Nd5 Be7 11. Bxf6 Bxf6 12. c3 Be6 13. Nc2 Bxd5 14. exd5 Ne7
15. c4 Qa5+ 16. Qd2 Qxd2+ 17. Kxd2 b4 18. Be2 a5 19. b3 O-O 20. Rhd1 Rfe8 21.
Ne3 Ng6 22. g3 e4 23. Rac1 Bc3+ 24. Kc2 a4 25. bxa4 Rxa4 26. Kb1 Ne5 27. Rc2 g6
28. Kc1 f5 29. Kb1 Nd7 30. Rf1 Nc5 31. Rd1 Rea8 32. f3 Kf7 33. fxe4 Nxe4 34.
Bf3 b3 35. Bxe4 bxa2+ 0-1

[Event "1. ODEM U25 2004"]
[Site "Willingen GER"]
[Date "2004.06.05"]
[Round "9"]
[White "Lebeda, Lukas"]
[Black "Finkbeiner, Alina"]
[Result "1-0"]
[Termination "normal"]
[Board "25"]
[WhiteElo "1135"]
[BlackElo "904"]
[PlyCount "37"]
[EventCountry "GER"]
[EventRounds "9"]
[EventType "swiss"]
[EventDate "2004.05.29"]

1. d4 d5 2. c4 Nf6 3. Nc3 e6 4. Bf4 Bb4 5. a3 Bxc3+ 6. bxc3 b6 7. e3 Bb7 8.
cxd5 Bxd5 9. Nf3 O-O 10. Be2 Nc6 11. O-O Ne4 12. Qd3 f5 13. c4 e5 14. Nxe5 Rf6
15. cxd5 Qxd5 16. Nxc6 Qxc6 17. f3 Nc3 18. Rac1 Qd7 19. Qxc3 1-0